| LEADER | 00460cam a2200157 7i4500 | ||
|---|---|---|---|
| 001 | 0000028963 | ||
| 005 | 20130108090000.0 | ||
| 090 | 0 | 0 | |a I 338.7 |b WOR |
| 110 | 2 | 0 | |a The World Bank |
| 245 | 2 | 0 | |a Women business and the law 2012 : |b removing barriers to economic inclusion. |
| 260 | 0 | 0 | |a Washington D.C: |b The World Bank, |c 2012. |
| 300 | # | # | |a 160 p. |
| 650 | 0 | 0 | |a Business |
| 650 | 0 | 0 | |a Law |
| 650 | 0 | 0 | |a Women |
| 999 | |a 0000030797 |b Book |c International |e Business Information Centre | ||